Plan de comercialización en ampliación de cobertura para la empresa telefónica en el periodo 2009 - 2010

Presenta un plan de comercialización para la ampliación de cobertura en Nicaragua, que permita el incremento de la cuota de mercado de la empresa telefónica en el periodo 2009-2010

Bibliographic Details
Main Author: Alemán Ordoñez, Sadie Aracely
Other Authors: Tutor: Aguilera López, Roberto José
Format: Tesis Section = Libro
Language:Undetermined
Spanish
Published: Managua UNI 2009
Subjects:
LEADER 01004nam a2200241Ia 4500
008 240830s9999 xx 000 0 und d
040 |a BIBLIOTECA-RUPAP T.Mon 658.8 A367 
041 |a spa 
082 |a T.Mon 658.8 A367 
100 1 |a Alemán Ordoñez, Sadie Aracely 
245 1 0 |a Plan de comercialización en ampliación de cobertura para la empresa telefónica en el periodo 2009 - 2010 
260 |a Managua  |b UNI  |c 2009 
300 |a 121 p. :il. 
500 |a Contiene: anexos e Incluye: CD. 
502 |a Tesis (Ingeniero de Sistemas)- UNI, 2009. 
520 3 |a Presenta un plan de comercialización para la ampliación de cobertura en Nicaragua, que permita el incremento de la cuota de mercado de la empresa telefónica en el periodo 2009-2010 
650 7 |a MERCADEO DE SERVICIOS - TELÉFONO CELULAR 
650 7 |b MERCADEO - COSTO 
650 7 |c CANALES DE COMUNICACIÓN TELEFÓNICA. 
700 1 |a Tutor:  |b Aguilera López, Roberto José 
942 |c BK  |2 ddc 
991 |a TESIS 
999 |c 18696